حي بن يقظان : (Record no. 14132)
[ view plain ]
| 000 -الفاتح | |
|---|---|
| حقل البيانات ثابتة الطول | 01325nam a22002537a 4500 |
| 008 - عناصر البيانات ثابتة الطول - معلومات عامة | |
| حقل البيانات ثابتة الطول | 100621s2008 ua|||||r|||| 000 0cara d |
| 020 ## - الرقم الدولى المعيارى للكتب | |
| الرقم الدولى المعيارى للكتاب | 9789770923705 |
| 082 ## - رقم تصنيف ديوى العشرى | |
| رقم الطبعة | 22 |
| رقم التصنيف | 189 |
| رقم المادة | ز ي د |
| 100 ## - المدخل الرئيسى - إسم شخصى | |
| 9 (RLIN) | 11247 |
| الإسم الشخصى | زيدان، يوسف |
| 245 ## - بيان العنوان | |
| العنوان | حي بن يقظان : |
| بقية العنوان | النصوص الأربعة ومبدعوها / |
| بيان المسئوليه,etc | دراسة وتحقيق يوسف زيدان |
| 260 ## - PUBLICATION, DISTRIBUTION, ETC. (IMPRINT) | |
| مكان الناشر او الموزع | القاهرة : |
| اسم الناشر او الموزع | دار الشروق ، 2008 |
| تاريخ النشر أو التوزيع | 2008 |
| 300 ## - الوصف المادى | |
| التعداد | 234 ص ؛ |
| أبعاد الوعاء | 24 سم |
| 505 ## - تبصرة محتويات-الفهرس | |
| تبصرة المحتويات المصاغة | المحتويات: حي بن يقظان / |
| بيان المسئولية | ابن سينا |
| 505 ## - تبصرة محتويات-الفهرس | |
| تبصرة المحتويات المصاغة | حي بن يقظان / |
| بيان المسئولية | ابن طفيل |
| 505 ## - تبصرة محتويات-الفهرس | |
| تبصرة المحتويات المصاغة | الغربة الغربية / |
| بيان المسئولية | السهروردي |
| 505 ## - تبصرة محتويات-الفهرس | |
| تبصرة المحتويات المصاغة | فاضل بن ناطق / |
| بيان المسئولية | ابن النفيس |
| 600 ## - المدخل الاضافى بالموضوع-اسم شخصى | |
| 9 (RLIN) | 14926 |
| الإسم الشخصى | ابن طفيل، محمد بن عبد الملك |
| التواريخ المصاحبة للاسم | 494-581ه |
| 600 ## - المدخل الاضافى بالموضوع-اسم شخصى | |
| 9 (RLIN) | 14925 |
| الإسم الشخصى | ابن سينا، الحسين بن عبد الله |
| التواريخ المصاحبة للاسم | 370-428 هـ |
| 600 ## - المدخل الاضافى بالموضوع-اسم شخصى | |
| 9 (RLIN) | 14927 |
| الإسم الشخصى | السهروردي، يحيى بن حبش |
| التواريخ المصاحبة للاسم | 549-587 هـ |
| 600 ## - المدخل الاضافى بالموضوع-اسم شخصى | |
| 9 (RLIN) | 14940 |
| الإسم الشخصى | ابن النفيس، علي بن أبي الحرم |
| التواريخ المصاحبة للاسم | - 687 ه |
| 650 ## - المدخل الاضافى بالموضوع-مصطلح موضوعى | |
| 9 (RLIN) | 8788 |
| مصطلح موضوعي أو اسم جغرافي كعنصر مدخل | الفلسفة الإسلامية |
| 942 ## - عناصر المدخل الإضافي( كوها) | |
| مصدر التصنيف او مخطط الترفيف | Dewey Decimal Classification |
| Koha [default] item type | Book - Borrowing |
| حالة التراجع | حالة الفقد | مصدر التصنيف او خطة الترفيف | حالة تلف | ليس للاعارة | مجموعات كوها | المكان الدائم | المكان الحالي | موقع الترفيف | تاريخ الاكتساب | Source of acquisition | سعر الشراء الطبيعي | تعداد مسلسل / التسلسل الزمني | رقم الاستدعاء | الباركود | Date last seen | مُعار | نوع الوعاء |
|---|---|---|---|---|---|---|---|---|---|---|---|---|---|---|---|---|---|
| Dewey Decimal Classification | Central Library | Central Library | Lower Floor | 21/06/2010 | 25.00 | 1 | 189 زيد | 000021066 | 15/07/2025 | 20/10/2022 | Book - Borrowing |